000 00281nam a22001217a 4500
008 260424b |||||||| |||| 00| 0 eng d
082 _a001052
100 _aNarayanachar, K S
245 _aVanavasantya
260 _aHubli
_bSahitya Prakashana
_c2017
300 _a400p
942 _2ddc
999 _c1292
_d1292